<?xml version="1.0" encoding="UTF-8"?>
<collection xmlns="http://www.loc.gov/MARC21/slim">
 <record>
  <leader>00654nam a22001935a 4500</leader>
  <controlfield tag="001">EUN.um031249</controlfield>
  <controlfield tag="008">041125s1994####ag############000#0#spa#d</controlfield>
  <controlfield tag="005">20090408114627.0</controlfield>
  <datafield tag="245" ind1="1" ind2="0">
   <subfield code="a">Altos rendimientos de maíz y soja con riego complementario /</subfield>
   <subfield code="c">Jorge A. Luque, Juan D. Paoloni.</subfield>
  </datafield>
  <datafield tag="260" ind1=" " ind2=" ">
   <subfield code="a">Buenos Aires :</subfield>
   <subfield code="b">Hemisferio Sur,</subfield>
   <subfield code="c">1994.</subfield>
  </datafield>
  <datafield tag="300" ind1=" " ind2=" ">
   <subfield code="a">112 p.</subfield>
  </datafield>
  <datafield tag="020" ind1=" " ind2=" ">
   <subfield code="a">9505045220</subfield>
  </datafield>
  <datafield tag="100" ind1="1" ind2=" ">
   <subfield code="a">Luque, Jorge Alfredo.</subfield>
  </datafield>
  <datafield tag="700" ind1="1" ind2=" ">
   <subfield code="a">Paoloni, Juan D.</subfield>
  </datafield>
  <datafield tag="082" ind1="0" ind2="4">
   <subfield code="a">633.1</subfield>
  </datafield>
  <datafield tag="082" ind1="0" ind2="4">
   <subfield code="a">635.6</subfield>
  </datafield>
  <datafield tag="653" ind1=" " ind2=" ">
   <subfield code="a">Paoloni, Juan D.</subfield>
  </datafield>
  <datafield tag="859" ind1=" " ind2=" ">
   <subfield code="a">Ar-BaUNS</subfield>
   <subfield code="b">BIB. CENTRAL - Sector C</subfield>
   <subfield code="h">633.1</subfield>
   <subfield code="i">L974</subfield>
   <subfield code="p">104001/994</subfield>
  </datafield>
  <datafield tag="859" ind1=" " ind2=" ">
   <subfield code="a">Ar-BaUNS</subfield>
   <subfield code="b">BIB. CENTRAL - Sector C</subfield>
   <subfield code="h">633.1</subfield>
   <subfield code="i">L974</subfield>
   <subfield code="p">104224/995</subfield>
   <subfield code="t">Ej.2</subfield>
  </datafield>
 </record>
</collection>
